<?xml version="1.0" encoding="UTF-8"?>
<record
    xmlns:xsi="http://www.w3.org/2001/XMLSchema-instance"
    xsi:schemaLocation="http://www.loc.gov/MARC21/slim http://www.loc.gov/standards/marcxml/schema/MARC21slim.xsd"
    xmlns="http://www.loc.gov/MARC21/slim">

  <leader>03580nam a22003497a 4500</leader>
  <controlfield tag="003">OSt</controlfield>
  <controlfield tag="005">20250716101519.0</controlfield>
  <controlfield tag="008">250716b        |||||||| |||| 00| 0 eng d</controlfield>
  <datafield tag="020" ind1=" " ind2=" ">
    <subfield code="a">9789352991334</subfield>
  </datafield>
  <datafield tag="040" ind1=" " ind2=" ">
    <subfield code="c">STCPL</subfield>
  </datafield>
  <datafield tag="041" ind1=" " ind2=" ">
    <subfield code="a">ENG</subfield>
  </datafield>
  <datafield tag="082" ind1=" " ind2=" ">
    <subfield code="a">658.421 </subfield>
    <subfield code="b">VAS-DY</subfield>
  </datafield>
  <datafield tag="100" ind1=" " ind2=" ">
    <subfield code="a">Desai, Vasant </subfield>
  </datafield>
  <datafield tag="245" ind1=" " ind2=" ">
    <subfield code="a">The dynamics of entrepreneurial development and management : </subfield>
    <subfield code="b">Planning for future sustainable growth / </subfield>
    <subfield code="c">by Vasant Desai </subfield>
  </datafield>
  <datafield tag="250" ind1=" " ind2=" ">
    <subfield code="a">6th rev. ed. </subfield>
  </datafield>
  <datafield tag="260" ind1=" " ind2=" ">
    <subfield code="a">Mumbai :</subfield>
    <subfield code="b">Himalaya Publishing House ,</subfield>
    <subfield code="c">2018.</subfield>
  </datafield>
  <datafield tag="300" ind1=" " ind2=" ">
    <subfield code="a">744 p. </subfield>
    <subfield code="b">PB</subfield>
  </datafield>
  <datafield tag="505" ind1=" " ind2=" ">
    <subfield code="a">Contents :

1. Introduction
UNIT 1 : ENTREPRENEUR
2. The Entrepreneurial : Definitions and Concept
3. Entrepreneurial Traits, Characteristics and Skills
4. Classification of Entrepreneurs
5. Entrepreneur Vs Professional Managers
6. Women Entrepreneurs
7. Growth of Entrepreneurs
8. Nature and Importance of Entrepreneurs
9. The Entrepreneurship Culture
UNIT 2 : ENTREPRENEURSHIP
10. The Concepts of Entrepreneurship
11. Theories of Entrepreneurship
UNIT 3 : ENTREPRENEURIAL DEVELOPMENT
12. Entrepreneurship Environment
13. Entrepreneurship Development
14. Entrepreneurship Training
15. Institutions in Aid of Entrepreneurship Development
UNIT 4 : PROJECTS MANAGEMENT
16. Project : Concept and Classification
17. Search for a Business Idea
18. Project Identification
19. Project Formulation
20. Project Design and Network Analysis
21. Project Report
22. Project Appraisal
23. Factory Design and Layout
UNIT 5 : FINANCIAL ANALYSIS
24. Financial Analysis-An Input in Financial Appraisal
25. Ratio Analysis
26. Investment Process
27. Break-Even Analysis
28. Profitability Analysis
29. Social Cost-Benefit Analysis
UNIT 6 : BUDGET AND PLANNING
30. Budgetary Control
31. Planning Process
32. Applicability of the Factories Acts
UNIT 7 : SOURCES OF FINANCE
33. Sources of Development Finance
34. Project Financing
35. Institutional Finance to Entrepreneurs
36. Financial Institutions
37. Role of Consultancy Organisation
UNIT 8 : QUALITY STANDARDS
38. Standardization
39. Quality Control
UNIT 9 : MARKETING
40. Methods of Marketing
41. Marketing Channels
42. Marketing Institutions and Assistance
43. E-Commerce
44. Exploring Export Possibilities
UNIT 10 : SETTING UP A SMALL ENTERPRISE
45. Location of an Enterprise
46. Steps for Starting a Small Enterprise
47. Selection of Types of Ownership Organisation
48. Incentives and Subsidies
UNIT 11 : PROBLEMS
49. Problems of Entrepreneurship
50. Sickness in Small-scale Industries-Reasons and Remedies
UNIT 12 : PROJECT WORK
51. Project Work
52. Successful Entrepreneurs</subfield>
  </datafield>
  <datafield tag="520" ind1=" " ind2=" ">
    <subfield code="a">The concept of &#x2018;Entrepreneurial Studies&#x2019; has appreciably changed in nature and content over the years. It is no longer considered an assortment of all sorts of arbitrary facts and figures to choose from. Instead, it is now increasingly becoming more of a systematic, purposeful and objective study of a wide range of disciplines, cultural variances, value systems and environment around us.

Entrepreneurial development and management has become to be recognized globally as the key to rapid and suitable economic development as well as the welfare and progress of mankind.</subfield>
  </datafield>
  <datafield tag="650" ind1=" " ind2=" ">
    <subfield code="a">Economics </subfield>
  </datafield>
  <datafield tag="650" ind1=" " ind2=" ">
    <subfield code="a">Management </subfield>
  </datafield>
  <datafield tag="650" ind1=" " ind2=" ">
    <subfield code="a">Entrepreneurship </subfield>
  </datafield>
  <datafield tag="650" ind1=" " ind2=" ">
    <subfield code="a">Entrepreneur </subfield>
  </datafield>
  <datafield tag="650" ind1=" " ind2=" ">
    <subfield code="a">Project management </subfield>
  </datafield>
  <datafield tag="650" ind1=" " ind2=" ">
    <subfield code="a">Financial analysis </subfield>
  </datafield>
  <datafield tag="650" ind1=" " ind2=" ">
    <subfield code="a">Marketing </subfield>
  </datafield>
  <datafield tag="650" ind1=" " ind2=" ">
    <subfield code="a">Enterprise </subfield>
  </datafield>
  <datafield tag="650" ind1=" " ind2=" ">
    <subfield code="a">Budget and planning </subfield>
  </datafield>
  <datafield tag="942" ind1=" " ind2=" ">
    <subfield code="c">BK</subfield>
  </datafield>
  <datafield tag="942" ind1=" " ind2=" ">
    <subfield code="2">ddc</subfield>
  </datafield>
  <datafield tag="942" ind1=" " ind2=" ">
    <subfield code="2">ddc</subfield>
    <subfield code="n">0</subfield>
  </datafield>
  <datafield tag="999" ind1=" " ind2=" ">
    <subfield code="c">86923</subfield>
    <subfield code="d">86923</subfield>
  </datafield>
  <datafield tag="952" ind1=" " ind2=" ">
    <subfield code="0">0</subfield>
    <subfield code="1">0</subfield>
    <subfield code="2">ddc</subfield>
    <subfield code="4">0</subfield>
    <subfield code="8">ECO</subfield>
    <subfield code="7">0</subfield>
    <subfield code="a">STCPL</subfield>
    <subfield code="b">STCPL</subfield>
    <subfield code="c">ECO</subfield>
    <subfield code="d">2025-07-16</subfield>
    <subfield code="g">925.00</subfield>
    <subfield code="l">0</subfield>
    <subfield code="o">658.421  VAS-DY</subfield>
    <subfield code="p">92932</subfield>
    <subfield code="r">2025-07-16 10:13:24</subfield>
    <subfield code="w">2025-07-16</subfield>
    <subfield code="y">BK</subfield>
  </datafield>
</record>
